| 000 | 00746nam a22002537a 4500 | ||
|---|---|---|---|
| 001 | 21606 | ||
| 003 | BD-RjUL | ||
| 005 | 20211209000715.0 | ||
| 008 | 140305s1969 enk||||| |||| 00| 0 eng d | ||
| 035 | _a(BD-RjUL)21670 | ||
| 040 |
_aBD-RjUL _beng _cBD-RjUL _dBD-RjUL |
||
| 041 | _aeng | ||
| 082 | 0 | 0 |
_a822.91408 _bNEW 1969 |
| 245 |
_aNew short plays : _b2 / |
||
| 260 |
_aLondon : _b Methuen, _cc1969 |
||
| 300 |
_a97 p. ; _c20 cm. |
||
| 490 | _aA Methuen playscript | ||
| 505 | _a Rites, by M. Duffy.-Lovers, by Carey Harrison.-Futz, by Rochelle Owens. | ||
| 650 | 4 |
_aEnglish drama _y 20th century. _966718 |
|
| 700 | 1 |
_aDuffy, Maureen, _966719 |
|
| 700 | 1 |
_a Harrison, Carey. _966720 |
|
| 700 | 1 |
_aOwen, Rochelle _966721 |
|
| 942 |
_2ddc _cBK |
||
| 999 |
_c21606 _d21606 |
||